000 00791cam a2200241 a 4500
001 33724
003 BD-RjUL
005 20211209052041.0
008 140511s1961 u b 001 0 eng d
035 _a(BD-RjUL)33815
040 _aVCAV
_beng
_cVCAV
_dABN:1
_dBD-RjUL
041 _aeng
082 0 4 _a152.44
_219
_bSCP 1961
100 1 _aSchachter, Stanley,
_d1922-
_9102397
245 1 4 _aThe psychology of affiliation :
_bexperimental studies of the sources of gregariousness /
_cStanley Schachter.
260 _aStanford,Calif. :
_bStanford University Press,
_c1961.
300 _a141p.23cm.
500 _aIncludes index.
504 _aBibliography: p.[135]-138.
650 0 _aAffiliation (Psychology)
_9102399
942 _2ddc
_cBK
999 _c33724
_d33724